Dôležitosť energetického sektora v ekonomike Ruska bakalárska práca

Enregistré dans:
Détails bibliographiques
Auteur principal: Nackinová, Katarína
Collectivité auteur: Fakulta medzinárodných vzťahov EU. Katedra medzinárodných ekonomických vzťahov a hospodárskej diplomacie
Autres auteurs: Kochajdová, Monika, 1993-
Format: Livre
Langue:slovaque
Publié: Bratislava 2020
Tags: Ajouter un tag
Pas de tags, Soyez le premier à ajouter un tag!

MARC

LEADER 00000nbm a2200000 4500
001 0265805
005 20200910084318.3
041 0 |a slo 
044 |a SK 
245 1 0 |a Dôležitosť energetického sektora v ekonomike Ruska  |b bakalárska práca  |c Katarína Nackinová ; školiteľ: Monika Kochajdová 
264 1 |a Bratislava  |c 2020 
300 |a 51 s. 
100 1 |a Nackinová, Katarína 
700 1 |a Kochajdová, Monika, 1993- 
710 2 |a Fakulta medzinárodných vzťahov EU. Katedra medzinárodných ekonomických vzťahov a hospodárskej diplomacie